[Event "Bad Woerishofen op"]
[Site "?"]
[Date "2000.??.??"]
[Round "8"]
[White "Marotzke, Stefan"]
[Black "Ring, Gregor"]
[Result "1-0"]
[WhiteElo "1674"]
[BlackElo "1776"]
[PlyCount "120"]
[EventDate "2000.??.??"]

1. d4 Nf6 2. Bg5 e6 3. e4 Be7 4. e5 Nd5 5. Bxe7 Nxe7 6. Bd3 Nbc6 7. Nf3 b6 8.
c3 Bb7 9. Nbd2 Nf5 10. Qc2 Nce7 11. O-O h5 12. Rad1 Nh6 13. Be4 c6 14. Nc4 Nef5
15. Ne3 g6 16. c4 Ng4 17. Rfe1 Ngxe3 18. fxe3 h4 19. d5 Rc8 20. dxe6 fxe6 21.
Bxf5 gxf5 22. e4 f4 23. Qd2 Rf8 24. Nxh4 Rf7 25. Nf3 Qe7 26. Qf2 c5 27. h4 Rf8
28. Ng5 Qg7 29. Qf3 Bc6 30. Qh5+ Ke7 31. Qf3 Qxe5 32. Qd3 Kf6 33. Nh7+ Kg7 34.
Nxf8 Rxf8 35. Qe2 Kh6 36. Qg4 Rf7 37. Qg5+ Qxg5 38. hxg5+ Kxg5 39. Rd2 Kg4 40.
Rd3 f3 41. Kf2 fxg2+ 42. Kxg2 Rf4 43. Rg3+ Kh5 44. Rh1+ Rh4 45. Rxh4+ Kxh4 46.
Re3 Kg4 47. Kf2 Kf4 48. e5 a5 49. Rb3 Kxe5 50. Rxb6 Kd4 51. b3 Kc3 52. a4 Kd2
53. Kg3 e5 54. Ra6 e4 55. Rxa5 e3 56. Rxc5 e2 57. Re5 e1=Q+ 58. Rxe1 Kxe1 59.
a5 Kd2 60. b4 Kc3 1-0

[Event "Bad Woerishofen op"]
[Site "?"]
[Date "2000.??.??"]
[Round "3"]
[White "Maugg, Ludwig"]
[Black "von Saldern, Ruediger"]
[Result "0-1"]
[WhiteElo "2148"]
[BlackElo "1900"]
[PlyCount "78"]
[EventDate "2000.??.??"]

1. d4 d5 2. c4 e6 3. Nc3 Nf6 4. cxd5 exd5 5. Bg5 Be7 6. e3 O-O 7. Bd3 h6 8. Bh4
Re8 9. Qc2 Nbd7 10. Nge2 c6 11. O-O Ne4 12. Bxe7 Qxe7 13. Rae1 Ndf6 14. f3 Ng5
15. Ng3 Qd6 16. Qd2 Bd7 17. Bc2 c5 18. Rd1 cxd4 19. Qxd4 Ne6 20. Qd2 Bc6 21.
Nf5 Qc7 22. Qf2 Rad8 23. Qh4 Ng5 24. Rd4 Re6 25. Rfd1 Qb6 26. Bb3 Kh7 27. Kh1
Rde8 28. e4 dxe4 29. Bxe6 exf3 30. Bd5 Qxb2 31. gxf3 Qxc3 32. R4d3 Qc5 33. Bxc6
Qxc6 34. Qf2 Ng4 35. Qg2 Ne5 36. Nd4 Qa4 37. R3d2 Nc4 38. Rd3 Ne3 39. Qg1 Nxd1
0-1

[Event "Bad Woerishofen op"]
[Site "?"]
[Date "2000.??.??"]
[Round "5"]
[White "Maugg, Ludwig"]
[Black "Semmler, Josef"]
[Result "1/2-1/2"]
[WhiteElo "2148"]
[BlackElo "1934"]
[PlyCount "122"]
[EventDate "2000.??.??"]

1. d4 Nf6 2. c4 e6 3. Nf3 Bb4+ 4. Bd2 Bxd2+ 5. Qxd2 O-O 6. Nc3 Na6 7. e4 d6 8.
Be2 c5 9. O-O b6 10. Rad1 Bb7 11. Qc2 Qe7 12. d5 e5 13. Ne1 Nc7 14. Nd3 Nd7 15.
g3 a6 16. a4 g6 17. f4 exf4 18. gxf4 f5 19. e5 b5 20. b3 b4 21. Nb1 h6 22. e6
Nf6 23. Bf3 Ne4 24. Nf2 Nf6 25. Rde1 Rae8 26. Nd2 Qg7 27. Kh1 Nh7 28. Rg1 Kh8
29. Nd1 Rf6 30. Qb2 g5 31. Rg3 Rg6 32. Qxg7+ Rxg7 33. fxg5 hxg5 34. h3 Nf6 35.
Nf2 Kh7 36. Kh2 Kh6 37. Bd1 Rge7 38. Rgg1 Nxe6 39. dxe6 Rxe6 40. Rxe6 Rxe6 41.
Nf3 Bxf3 42. Bxf3 Re3 43. Bd1 d5 44. cxd5 Nxd5 45. Rg3 Re1 46. Rd3 Nc3 47. Rd6+
Kg7 48. Kg2 a5 49. Bc2 Re2 50. Bxf5 Rb2 51. Rg6+ Kf7 52. Kf3 Nd5 53. Be6+ Kxg6
54. Bxd5 Rd2 55. Bc4 Rd4 56. Ne4 Kf5 57. Nxc5 Rh4 58. Kg3 Kf6 59. Nd3 Ke7 60.
Ne5 Kf6 61. Ng4+ Ke7 1/2-1/2

[Event "Bad Woerishofen op"]
[Site "?"]
[Date "2000.??.??"]
[Round "7"]
[White "Maugg, Ludwig"]
[Black "Popp, Michael"]
[Result "1-0"]
[WhiteElo "2148"]
[BlackElo "1887"]
[PlyCount "59"]
[EventDate "2000.??.??"]

1. d4 d5 2. c4 e6 3. Nc3 Be7 4. Bf4 c6 5. e3 Nf6 6. Nf3 Nbd7 7. Qc2 dxc4 8.
Bxc4 Nb6 9. Be2 Nbd5 10. Bg3 Qa5 11. O-O Nxc3 12. bxc3 c5 13. Ne5 O-O 14. Rab1
Nd5 15. Rfc1 cxd4 16. cxd4 Ba3 17. Nc4 Qa6 18. Nxa3 Qxa3 19. Rb3 Qe7 20. e4 Nb6
21. Qc7 Qxc7 22. Rxc7 f5 23. f3 fxe4 24. fxe4 Bd7 25. Rxb6 axb6 26. Rxd7 Rxa2
27. Bf3 Rc8 28. h3 g5 29. Rxb7 Rcc2 30. Be5 1-0

[Event "Bad Woerishofen op"]
[Site "?"]
[Date "2000.??.??"]
[Round "9"]
[White "Maugg, Ludwig"]
[Black "Neubauer, Ralf"]
[Result "1/2-1/2"]
[WhiteElo "2148"]
[BlackElo "2045"]
[PlyCount "35"]
[EventDate "2000.??.??"]

1. d4 d5 2. c4 dxc4 3. e3 e5 4. Bxc4 exd4 5. exd4 Nf6 6. Nf3 Be7 7. O-O O-O 8.
h3 c6 9. Nc3 Nbd7 10. Bg5 Nb6 11. Bd3 Nbd5 12. a3 Be6 13. Bc2 Re8 14. Qd3 g6
15. Qd2 Nd7 16. Rfe1 Nf8 17. Bxe7 Rxe7 18. Ng5 1/2-1/2

[Event "Bad Woerishofen op"]
[Site "Bad Woerishofen"]
[Date "2000.??.??"]
[Round "2"]
[White "Medvegy, Nora"]
[Black "Semmler, Guenther"]
[Result "1-0"]
[WhiteElo "2275"]
[BlackElo "2130"]
[PlyCount "63"]
[EventDate "1998.03.05"]
[Source "ChessBase"]
[SourceDate "1998.04.29"]

1. e4 d6 2. d4 Nf6 3. Nc3 Nbd7 4. Nf3 e5 5. Bc4 Be7 6. O-O O-O 7. Re1 c6 8. a4
b6 9. d5 c5 10. a5 bxa5 11. Nd2 Nb8 12. Nb3 Ne8 13. Nxa5 Bd7 14. Ra3 Qc7 15.
Bd2 Bd8 16. Qa1 Qc8 17. Bf1 f5 18. Nc4 Qc7 19. exf5 Rxf5 20. Ne4 Be7 21. Rb3
Bc8 22. Nb6 Bb7 23. Nxa8 Bxa8 24. c4 a6 25. Qa4 Rf8 26. Rh3 h6 27. Qc2 Nf6 28.
Nxf6+ Rxf6 29. Re4 Nd7 30. Bd3 Nf8 31. f4 Ng6 32. Rg3 1-0

[Event "Bad Woerishofen op"]
[Site "?"]
[Date "2000.??.??"]
[Round "3"]
[White "Medvegy, Nora"]
[Black "Enders, Peter"]
[Result "1/2-1/2"]
[WhiteElo "2275"]
[BlackElo "2478"]
[PlyCount "93"]
[EventDate "2000.??.??"]

1. e4 e6 2. d4 d5 3. Nd2 c5 4. exd5 exd5 5. Bb5+ Bd7 6. Qe2+ Qe7 7. Bxd7+ Nxd7
8. dxc5 Nxc5 9. Nb3 Qxe2+ 10. Nxe2 Na4 11. O-O Nf6 12. Re1 O-O-O 13. Rb1 g6 14.
Be3 Bg7 15. Bd4 Rhe8 16. Nf4 b6 17. f3 Rxe1+ 18. Rxe1 Re8 19. Rd1 Bh8 20. Kf2
g5 21. Nd3 h5 22. Re1 Rxe1 23. Kxe1 Kd7 24. Nbc1 Kd6 25. Ne5 Ke6 26. Nc6 a6 27.
Nd3 Kd6 28. Nce5 Ke6 29. Nc6 Kd6 30. Nd8 Ke7 31. Nb7 Kd7 32. Be5 Bg7 33. b3 Ne8
34. bxa4 Bf8 35. a5 Kc8 36. axb6 Kxb7 37. Bd4 Bd6 38. h3 Kc6 39. Ke2 f6 40. g4
hxg4 41. hxg4 Be7 42. f4 gxf4 43. Nxf4 Nd6 44. Nh5 f5 45. gxf5 Nxf5 46. Bf2 Bd6
47. Nf6 1/2-1/2

[Event "Bad Woerishofen op"]
[Site "?"]
[Date "2000.??.??"]
[Round "5"]
[White "Medvegy, Nora"]
[Black "Straub, Peter"]
[Result "1/2-1/2"]
[WhiteElo "2275"]
[BlackElo "2126"]
[PlyCount "184"]
[EventDate "2000.??.??"]

1. e4 c5 2. Nf3 Nc6 3. d4 cxd4 4. Nxd4 g6 5. c4 Bg7 6. Be3 Nf6 7. Nc3 d6 8. Be2
Bd7 9. O-O O-O 10. f3 Rc8 11. Rc1 Ne5 12. Nd5 Ne8 13. Bf2 e6 14. Ne3 Bh6 15. g3
f5 16. f4 Nf7 17. exf5 gxf5 18. Bf3 Qf6 19. Be1 e5 20. Nd5 Qd8 21. Ne2 e4 22.
Bg2 b5 23. b3 bxc4 24. bxc4 Bg7 25. Bf2 Nc7 26. Bxa7 Nxd5 27. Qxd5 Ra8 28. Bd4
Rxa2 29. Bxg7 Kxg7 30. Qd4+ Qf6 31. Qxf6+ Kxf6 32. Nc3 Ra3 33. Nd5+ Kg7 34. g4
Rb8 35. gxf5 Bxf5 36. Rce1 Rb2 37. Rf2 Rxf2 38. Kxf2 Nh6 39. Bxe4 Ra2+ 40. Kf1
Bg4 41. Rb1 Ra7 42. Rb3 Bf5 43. Bf3 Be6 44. Ne3 Kf6 45. Kf2 Ra2+ 46. Kg3 Ra5
47. Bc6 Ra6 48. Bd5 Nf5+ 49. Nxf5 Kxf5 50. Bxe6+ Kxe6 51. Re3+ Kf5 52. c5 dxc5
53. Re5+ Kf6 54. Rxc5 Ra3+ 55. Kg4 Ra6 56. Rc7 Kg6 57. Rb7 h6 58. Rc7 Rb6 59.
Rc5 Ra6 60. Rd5 Rb6 61. Kf3 Rb4 62. Kg4 Rb6 63. h4 Ra6 64. Re5 Rb6 65. h5+ Kf6
66. Rf5+ Kg7 67. Re5 Kf6 68. Rc5 Rb1 69. Rc6+ Kg7 70. Rg6+ Kh7 71. Re6 Rg1+ 72.
Kf5 Rh1 73. Re7+ Kg8 74. Kg6 Kf8 75. Ra7 Rh4 76. f5 Rg4+ 77. Kxh6 Kg8 78. Ra6
Kf7 79. Rg6 Rf4 80. Kg5 Rf1 81. Rf6+ Kg7 82. h6+ Kh7 83. Rf7+ Kh8 84. Rg7 Rh1
85. Rb7 Rg1+ 86. Kf6 Rh1 87. Kg6 Rg1+ 88. Kf7 Rh1 89. Rb6 Kh7 90. Ke7 Rf1 91.
f6 Kxh6 92. f7+ Kg7 1/2-1/2

[Event "Bad Woerishofen op"]
[Site "?"]
[Date "2000.??.??"]
[Round "7"]
[White "Medvegy, Nora"]
[Black "Seifert, Volker"]
[Result "1/2-1/2"]
[WhiteElo "2275"]
[BlackElo "2108"]
[PlyCount "55"]
[EventDate "2000.??.??"]

1. d4 e6 2. c4 Nf6 3. Nf3 b6 4. g3 Bb7 5. Bg2 Be7 6. Nc3 d5 7. Ne5 O-O 8. O-O
Na6 9. b3 c5 10. Bb2 cxd4 11. Qxd4 Nc5 12. cxd5 exd5 13. Rfd1 Nce4 14. Nxe4
dxe4 15. Nd7 Re8 16. Qa4 Nxd7 17. Rxd7 Qc8 18. Rxb7 Qxb7 19. Bxe4 Qb8 20. Bxa8
Qxa8 21. Rd1 Bf8 22. Qg4 Qc6 23. Rc1 Qd5 24. Qd4 Qxd4 25. Bxd4 Rxe2 26. Rc8
Rxa2 27. Ra8 Ra5 28. b4 1/2-1/2

[Event "Bad Woerishofen op"]
[Site "?"]
[Date "2000.??.??"]
[Round "9"]
[White "Medvegy, Nora"]
[Black "Pelletier, Yannick"]
[Result "1-0"]
[WhiteElo "2275"]
[BlackElo "2478"]
[PlyCount "87"]
[EventDate "2000.??.??"]

1. e4 c5 2. Nf3 d6 3. d4 cxd4 4. Nxd4 Nf6 5. Nc3 a6 6. Be3 e6 7. g4 h5 8. g5
Ng4 9. Bc1 Qb6 10. h3 Ne5 11. Be2 g6 12. f4 Ned7 13. Nb3 Qc7 14. Be3 Nc6 15.
Qd2 b5 16. O-O-O Bb7 17. Bd3 Be7 18. Kb1 Rc8 19. Rhf1 O-O 20. f5 Nce5 21. Ne2
Nc4 22. Qc1 e5 23. Bxc4 bxc4 24. Nd2 d5 25. exd5 Bxd5 26. Nc3 Bg2 27. Rf2 Qb7
28. Nde4 Bxe4 29. Nxe4 Rb8 30. fxg6 Qxe4 31. Rxd7 Ba3 32. Rfxf7 Qxg6 33. Rxf8+
Kxf8 34. Qd1 Rxb2+ 35. Ka1 Rb5 36. Rd8+ Kg7 37. Rd7+ Kg8 38. Rd8+ Bf8 39. a4
Ra5 40. Rxf8+ Kxf8 41. Qd8+ Kf7 42. Qxa5 Qxc2 43. Qd5+ Kg6 44. Qg8+ 1-0

[Event "Bad Woerishofen op"]
[Site "Bad Woerishofen"]
[Date "2000.??.??"]
[Round "1"]
[White "Meiser, Markus"]
[Black "Koch, Harald"]
[Result "1-0"]
[WhiteElo "2222"]
[BlackElo "1816"]
[PlyCount "81"]
[EventDate "1998.03.05"]
[Source "ChessBase"]
[SourceDate "1998.04.29"]

1. d4 d6 2. c4 Nf6 3. Nc3 g6 4. e4 Bg7 5. f3 Nc6 6. Be3 O-O 7. Qd2 Re8 8. Nge2
e5 9. d5 Nb8 10. O-O-O a6 11. g4 b5 12. Ng3 b4 13. Nce2 a5 14. Kb1 Ba6 15. Nc1
Nfd7 16. h4 Nf8 17. h5 Nbd7 18. Bd3 Nf6 19. Rh3 Re7 20. Rdh1 Bh8 21. Bh6 N6d7
22. Nf5 Re8 23. hxg6 fxg6 24. Bg5 Bf6 25. Nh6+ Kg7 26. Be3 Nb6 27. g5 Be7 28.
Ng4 h5 29. gxh6+ Kh7 30. b3 Nbd7 31. Rg3 Bf6 32. Nxf6+ Qxf6 33. Bg5 Qf7 34. Rf1
Nc5 35. f4 Nxd3 36. Qxd3 Qg8 37. f5 Rac8 38. Rfg1 Qf7 39. Bd2 Re7 40. Qf3 Rd8
41. fxg6+ 1-0

[Event "Bad Woerishofen op"]
[Site "?"]
[Date "2000.??.??"]
[Round "3"]
[White "Meiser, Markus"]
[Black "Petrosjan, Suren"]
[Result "0-1"]
[WhiteElo "2222"]
[BlackElo "2366"]
[PlyCount "50"]
[EventDate "2000.??.??"]

1. d4 Nf6 2. c4 c5 3. d5 b5 4. cxb5 a6 5. bxa6 g6 6. b3 Bg7 7. Bb2 O-O 8. g3
Nxa6 9. Bg2 Bb7 10. e4 e6 11. Nc3 exd5 12. Nxd5 Nxd5 13. Bxg7 Kxg7 14. exd5
Re8+ 15. Ne2 Qe7 16. d6 Qxe2+ 17. Qxe2 Bxg2 18. Rg1 Bf3 19. Qe3 Rxe3+ 20. fxe3
Nb4 21. Kf2 Be4 22. a3 Nd3+ 23. Ke2 Rb8 24. Rgb1 Ne5 25. b4 Bd3+ 0-1

[Event "Bad Woerishofen op"]
[Site "?"]
[Date "2000.??.??"]
[Round "5"]
[White "Meiser, Markus"]
[Black "Born, Bernd-Ludger"]
[Result "0-1"]
[WhiteElo "2222"]
[BlackElo "2056"]
[PlyCount "88"]
[EventDate "2000.??.??"]

1. d4 Nf6 2. c4 e6 3. Nf3 b6 4. Nc3 Bb7 5. Bg5 Be7 6. Qc2 d5 7. g3 dxc4 8. Bg2
Nbd7 9. O-O a6 10. e4 O-O 11. Rad1 c6 12. a4 Re8 13. e5 Nd5 14. Bxe7 Qxe7 15.
Ne4 b5 16. Nd6 Reb8 17. h4 h6 18. Ra1 N7b6 19. a5 Nb4 20. Qd1 N6d5 21. Nd2 c5
22. dxc5 Nd3 23. b4 Nc3 24. Qh5 Bxg2 25. Kxg2 Nxb4 26. Rae1 Nbd5 27. N2e4 Nxe4
28. Rxe4 Ra7 29. g4 Qf8 30. g5 g6 31. Qg4 h5 32. Qg3 Rc7 33. Rd4 Rxc5 34. Ne4
b4 35. Rxd5 Rxd5 36. Nf6+ Kg7 37. Nxd5 exd5 38. e6 fxe6 39. Qe5+ Kh7 40. Qxe6
Qf5 41. Qe7+ Kg8 42. Re1 Rf8 43. Qa7 b3 44. Re7 Qxf2+ 0-1

[Event "Bad Woerishofen op"]
[Site "?"]
[Date "2000.??.??"]
[Round "7"]
[White "Meiser, Markus"]
[Black "Wallhof, Dieter"]
[Result "1-0"]
[WhiteElo "2222"]
[BlackElo "2060"]
[PlyCount "55"]
[EventDate "2000.??.??"]

1. d4 Nf6 2. c4 e6 3. Nf3 b6 4. Nc3 Bb4 5. Bg5 c5 6. Rc1 Bb7 7. dxc5 bxc5 8. e3
Qa5 9. Bxf6 gxf6 10. Be2 Qc7 11. O-O Bxc3 12. Rxc3 Nc6 13. a3 Rb8 14. Qd2 a5
15. Rd1 Ke7 16. Rd3 Rbd8 17. e4 h5 18. e5 Rhg8 19. exf6+ Kxf6 20. Rxd7 Rxd7 21.
Qxd7 Qb8 22. Qd3 Ne5 23. Qc3 Bxf3 24. Bxf3 Ke7 25. g3 Nxf3+ 26. Qxf3 Qxb2 27.
Qxh5 Qc2 28. Qxc5+ 1-0

[Event "Bad Woerishofen op"]
[Site "?"]
[Date "2000.??.??"]
[Round "8"]
[White "Meiser, Markus"]
[Black "Luett, Michael"]
[Result "1/2-1/2"]
[WhiteElo "2222"]
[BlackElo "2090"]
[PlyCount "100"]
[EventDate "2000.??.??"]

1. d4 d5 2. c4 c6 3. Nc3 e5 4. dxe5 d4 5. Ne4 Qa5+ 6. Nd2 Nd7 7. Ngf3 Nxe5 8.
Nxd4 Nxc4 9. e3 Nxd2 10. Bxd2 Bb4 11. Bd3 Bxd2+ 12. Qxd2 Qxd2+ 13. Kxd2 Ne7 14.
Rhc1 Bd7 15. a3 O-O 16. b4 Rfd8 17. Ke2 a5 18. b5 cxb5 19. Bxb5 Bxb5+ 20. Nxb5
Nc6 21. Rc4 Kf8 22. Rac1 Ke7 23. Re4+ Kf8 24. a4 Rab8 25. Rc5 Rd7 26. Nd4 Nxd4+
27. Rxd4 Rxd4 28. exd4 b6 29. Re5 f6 30. Rh5 Rc8 31. Kd3 Rc1 32. Rxh7 Ra1 33.
Rh8+ Ke7 34. Rb8 Ra3+ 35. Ke4 Rxa4 36. Rxb6 Ra2 37. Rb7+ Kf8 38. Rb8+ Ke7 39.
Rb7+ Kf8 40. Ke3 Ra3+ 41. Ke4 Ra2 42. g4 Rxf2 43. h4 Rg2 44. Kf5 Rd2 45. Ra7
Rxd4 46. Rxa5 Kg8 47. g5 fxg5 48. hxg5 Rd8 49. Ra6 Rd5+ 50. Kg6 Rd8 1/2-1/2

[Event "Bad Woerishofen op"]
[Site "Bad Woerishofen"]
[Date "2000.??.??"]
[Round "1"]
[White "Meyer, Thomas"]
[Black "Wiesend, Bruno"]
[Result "1/2-1/2"]
[WhiteElo "1744"]
[BlackElo "2177"]
[PlyCount "81"]
[EventDate "1998.03.05"]
[Source "ChessBase"]
[SourceDate "1998.04.29"]

1. d4 Nf6 2. Nf3 e6 3. e3 b6 4. Bd3 Bb7 5. Nbd2 d5 6. Qe2 Nbd7 7. e4 dxe4 8.
Nxe4 Be7 9. O-O O-O 10. Rd1 Nxe4 11. Bxe4 Bxe4 12. Qxe4 Nf6 13. Qc6 Qd6 14.
Qxd6 Bxd6 15. Bg5 Nd7 16. Bh4 h6 17. Bg3 Bxg3 18. hxg3 Rfd8 19. Rd2 Nf6 20.
Rad1 Rd6 21. c4 Rad8 22. Kf1 Ne4 23. Rd3 a5 24. Ke2 Nf6 25. Ne5 Nd7 26. Nxd7
R6xd7 27. f4 Kf8 28. Ke3 f5 29. d5 Ke7 30. b3 Kf6 31. a3 Ke7 32. b4 axb4 33.
axb4 Kf6 34. dxe6 Rxd3+ 35. Rxd3 Rxd3+ 36. Kxd3 c6 37. b5 cxb5 38. cxb5 Kxe6
39. Kc4 Kd6 40. Kd4 Ke6 41. Kc4 1/2-1/2

[Event "Bad Woerishofen op"]
[Site "?"]
[Date "2000.??.??"]
[Round "4"]
[White "Meyer, Thomas"]
[Black "Taufratshofer, Martin"]
[Result "0-1"]
[WhiteElo "1744"]
[BlackElo "2104"]
[PlyCount "64"]
[EventDate "2000.??.??"]

1. d4 d5 2. Nf3 Nf6 3. e3 Bf5 4. c4 e6 5. Qb3 b6 6. cxd5 Nxd5 7. Bd2 Be7 8. Nc3
Nxc3 9. bxc3 O-O 10. c4 c5 11. Be2 Nc6 12. Bc3 cxd4 13. Nxd4 Nxd4 14. Bxd4 Bf6
15. Rd1 Bxd4 16. exd4 Qc7 17. O-O Rfd8 18. Rd2 Rac8 19. Rfd1 Be4 20. d5 exd5
21. cxd5 Bc2 22. Rc1 Bxb3 23. Rxc7 Rxc7 24. axb3 Rc1+ 25. Bd1 Kf8 26. g3 Ke7
27. Kg2 Kd6 28. Kf3 Re8 29. Kf4 Re5 30. Bf3 g5+ 31. Kg4 Rc3 32. Rb2 h5+ 0-1

[Event "Bad Woerishofen op"]
[Site "?"]
[Date "2000.??.??"]
[Round "6"]
[White "Meyer, Thomas"]
[Black "Wilhelm, Andreas"]
[Result "1-0"]
[WhiteElo "1744"]
[BlackElo "1379"]
[PlyCount "57"]
[EventDate "2000.??.??"]

1. d4 Nf6 2. Nf3 g6 3. Bg5 Bg7 4. Nbd2 d6 5. e3 Nbd7 6. c3 O-O 7. Be2 c6 8. O-O
Qc7 9. a4 e5 10. dxe5 Nxe5 11. Qc2 d5 12. Nxe5 Qxe5 13. Bf4 Qe7 14. c4 Bf5 15.
Qb3 d4 16. Rfe1 dxe3 17. Bxe3 Ng4 18. Bxg4 Bxg4 19. Bxa7 Qd7 20. Be3 Rfe8 21.
Nf1 b5 22. axb5 cxb5 23. Qxb5 Qxb5 24. cxb5 Rxa1 25. Rxa1 Be2 26. b6 Rb8 27. b7
Be5 28. Ra8 Kg7 29. Bd4 1-0

[Event "Bad Woerishofen op"]
[Site "?"]
[Date "2000.??.??"]
[Round "8"]
[White "Meyer, Thomas"]
[Black "Ruppert, Lothar"]
[Result "1/2-1/2"]
[WhiteElo "1744"]
[BlackElo "1919"]
[PlyCount "109"]
[EventDate "2000.??.??"]

1. d4 Nf6 2. Nf3 d5 3. e3 Bg4 4. Nbd2 e6 5. h3 Bh5 6. c4 Be7 7. Qb3 Qc8 8. cxd5
Nxd5 9. e4 Nb6 10. Bb5+ c6 11. Bd3 N8d7 12. a4 Nf6 13. O-O O-O 14. e5 Nfd5 15.
g4 Bg6 16. Bxg6 fxg6 17. Ne4 Nf4 18. Kh2 Nbd5 19. Bxf4 Rxf4 20. Nfd2 b6 21. f3
Qd7 22. Rfc1 h6 23. Rc4 Rc8 24. Rac1 Rff8 25. Nf1 Rc7 26. Neg3 Bg5 27. R1c2 Bf4
28. Kg2 Rfc8 29. Ne2 Qf7 30. Nc1 h5 31. Nd3 h4 32. Nb4 Nxb4 33. Qxb4 g5 34. Nd2
Bxd2 35. Qxd2 Qf4 36. Qxf4 gxf4 37. b4 g5 38. b5 c5 39. dxc5 bxc5 40. a5 Kf7
41. Kf2 Ke7 42. Ke2 Kd8 43. Rd2+ Ke7 44. b6 axb6 45. axb6 Rc6 46. b7 Rb8 47.
Rb2 Rc7 48. Kd3 Rbxb7 49. Rxb7 Rxb7 50. Rxc5 Rb3+ 51. Rc3 Rxc3+ 52. Kxc3 Kd7
53. Kb4 Kc6 54. Kc4 Kb6 55. Kb4 1/2-1/2

[Event "Bad Woerishofen op"]
[Site "Bad Woerishofen"]
[Date "2000.??.??"]
[Round "2"]
[White "Miezis, Normunds"]
[Black "Hopfauf, Fridolin"]
[Result "1-0"]
[WhiteElo "2486"]
[BlackElo "2190"]
[PlyCount "69"]
[EventDate "1998.03.05"]
[Source "ChessBase"]
[SourceDate "1998.04.29"]

1. c4 Nf6 2. Nc3 g6 3. e4 d6 4. g3 Bg7 5. Bg2 O-O 6. Nge2 e5 7. O-O Bg4 8. h3
Be6 9. d3 Qd7 10. Kh2 Nc6 11. f4 Ne7 12. Nd5 Bxd5 13. cxd5 c6 14. dxc6 bxc6 15.
d4 exf4 16. Nxf4 Rab8 17. Nd3 Ne8 18. Qa4 Nc7 19. Bg5 f6 20. Be3 Rfd8 21. Rf2
Ne6 22. d5 cxd5 23. Qxd7 Rxd7 24. exd5 Nd8 25. Rc1 Nf5 26. Bf4 Nf7 27. g4 Nd4
28. Rc4 Nb5 29. a4 Nc7 30. Rfc2 Na6 31. b4 Rbd8 32. b5 Nb8 33. Rc7 Ne5 34. Nb4
Bf8 35. Be3 1-0

[Event "Bad Woerishofen op"]
[Site "?"]
[Date "2000.??.??"]
[Round "4"]
[White "Miezis, Normunds"]
[Black "Sandner, Gunter"]
[Result "1-0"]
[WhiteElo "2481"]
[BlackElo "2361"]
[PlyCount "79"]
[EventDate "2000.??.??"]

1. c4 e5 2. Nc3 Nf6 3. g3 d5 4. cxd5 Nxd5 5. Bg2 Be6 6. Nf3 Nc6 7. O-O Be7 8.
d4 Nxc3 9. bxc3 e4 10. Ne1 f5 11. f3 exf3 12. Bxf3 O-O 13. Ng2 Bd5 14. Bxd5+
Qxd5 15. Qd3 g6 16. Bh6 Rf7 17. Ne3 Qd7 18. Rab1 b6 19. Nc4 Bf6 20. a4 Re8 21.
Rf2 Qe7 22. Rbf1 Bg7 23. Bxg7 Kxg7 24. g4 Qg5 25. Qf3 Rf6 26. Qg3 f4 27. Rxf4
Rxf4 28. Rxf4 Rxe2 29. Rf1 Qe7 30. Qf3 Qe8 31. Ne5 Rxe5 32. dxe5 Nxe5 33. Qe4
Qe7 34. Re1 Qc5+ 35. Kh1 Kf6 36. g5+ Ke6 37. c4 a5 38. h4 c6 39. Qg4+ Kd6 40.
Qf4 1-0

[Event "Bad Woerishofen op"]
[Site "?"]
[Date "2000.??.??"]
[Round "6"]
[White "Miezis, Normunds"]
[Black "Kostic, Vladimir"]
[Result "1-0"]
[WhiteElo "2481"]
[BlackElo "2389"]
[PlyCount "131"]
[EventDate "2000.??.??"]

1. c4 g6 2. Nc3 Bg7 3. g3 Nf6 4. e4 O-O 5. Bg2 c5 6. Nge2 d6 7. O-O Nc6 8. a3
Ne8 9. Rb1 Nc7 10. b4 Ne6 11. d3 Ned4 12. Be3 Nxe2+ 13. Nxe2 b6 14. e5 Bd7 15.
exd6 exd6 16. Bf4 Re8 17. Qd2 Rc8 18. b5 Ne5 19. Nc3 Bf6 20. Bxe5 Bxe5 21. Nd5
Kg7 22. a4 h5 23. h4 Be6 24. Rbe1 Bxd5 25. Bxd5 Qf6 26. Re3 Rc7 27. Kg2 Bc3 28.
Qc2 Ree7 29. Re4 Kf8 30. Rc1 Bb4 31. Qe2 Re5 32. Rc2 Rce7 33. Qe3 Kg7 34. Qc1
Rxe4 35. dxe4 Qd4 36. Re2 Bc3 37. Qc2 Bb4 38. Re3 Qd2 39. Qb1 Bc3 40. Rd3 Qb2
41. Qxb2 Bxb2 42. Bc6 Bd4 43. f4 Rc7 44. Bd5 Bf6 45. a5 bxa5 46. Ra3 Bd8 47.
Rxa5 Re7 48. Ra2 Bb6 49. Kf3 f6 50. g4 hxg4+ 51. Kxg4 Kf8 52. f5 Kg7 53. Rg2
Kh6 54. fxg6 Kxg6 55. Kf4+ Kh7 56. Kf5 Re5+ 57. Kxf6 Bd8+ 58. Kf7 Re7+ 59. Kf8
Rc7 60. Bf7 Be7+ 61. Ke8 Bf6 62. h5 Re7+ 63. Kf8 Rc7 64. Rg6 Be7+ 65. Ke8 Kh8
66. Be6 1-0

[Event "Bad Woerishofen op"]
[Site "?"]
[Date "2000.??.??"]
[Round "8"]
[White "Miezis, Normunds"]
[Black "Breder, Dennis"]
[Result "1-0"]
[WhiteElo "2481"]
[BlackElo "2303"]
[PlyCount "83"]
[EventDate "2000.??.??"]

1. c4 c5 2. Nc3 Nc6 3. g3 g6 4. Bg2 Bg7 5. d3 a6 6. h4 h5 7. Nh3 d6 8. O-O Nh6
9. Nf4 Bd7 10. Bd2 Rb8 11. a4 Nf5 12. Rb1 e6 13. Ne4 Qe7 14. Bc3 O-O 15. Ng5
Bf6 16. Ne4 Be5 17. e3 b5 18. axb5 axb5 19. cxb5 Rxb5 20. Ng5 Rfb8 21. Rc1 Ng7
22. Ne2 d5 23. Nf3 Bf6 24. d4 cxd4 25. exd4 Qd6 26. Re1 Nb4 27. Ra1 Qb6 28. Nf4
Nc6 29. Bf1 Rb3 30. Ra2 Qd8 31. Nd3 R3b7 32. Qa1 Nf5 33. Nc5 Rb6 34. Ne5 Nxe5
35. dxe5 Be7 36. Na6 Ra8 37. Ba5 Bc8 38. b4 Bxb4 39. Bxb6 Qxb6 40. Nxb4 Rb8 41.
Nd3 Nxg3 42. Rb2 1-0

[Event "Bad Woerishofen op"]
[Site "?"]
[Date "2000.??.??"]
[Round "2"]
[White "Mittelsteiner, Horst"]
[Black "Muench, Werner"]
[Result "1-0"]
[WhiteElo "2022"]
[BlackElo "1703"]
[PlyCount "99"]
[EventDate "2000.??.??"]

1. e4 c6 2. d4 d5 3. exd5 cxd5 4. Bd3 Nc6 5. c3 Nf6 6. Bf4 g6 7. Nf3 Bg7 8.
Nbd2 O-O 9. h3 Be6 10. O-O Qd7 11. Ne5 Nxe5 12. Bxe5 Ne8 13. Re1 Nd6 14. Bxg7
Kxg7 15. Qe2 Rac8 16. Qe5+ Kg8 17. a4 Nc4 18. Bxc4 dxc4 19. Nf3 Rc7 20. Qg5 f6
21. Qh6 Bd5 22. Nh2 Rf7 23. Ng4 Be6 24. Ne3 Bd5 25. Qh4 Rg7 26. Qh6 Qc6 27.
Nxd5 Qxd5 28. Qf4 Qc6 29. d5 Qd7 30. Rad1 Rc8 31. Qe4 Kf8 32. Qe6 Rd8 33. Qxd7
Rxd7 34. Re4 e5 35. Rxc4 Ke7 36. Rc8 Kd6 37. c4 Rc7 38. Rxc7 Rxc7 39. b3 a5 40.
f3 Kc5 41. Kf2 Rd7 42. Ke3 f5 43. Kd3 Kb4 44. Kc2 Kc5 45. Kc3 h5 46. Re1 Re7
47. Rd1 Rd7 48. h4 e4 49. Re1 exf3 50. gxf3 1-0

[Event "Bad Woerishofen op"]
[Site "?"]
[Date "2000.??.??"]
[Round "4"]
[White "Mittelsteiner, Horst"]
[Black "Krajewski, Wolfgang"]
[Result "0-1"]
[WhiteElo "2022"]
[BlackElo "2255"]
[PlyCount "116"]
[EventDate "2000.??.??"]

1. e4 c6 2. d4 d5 3. exd5 cxd5 4. Bd3 Nc6 5. c3 Nf6 6. Bf4 Bg4 7. Nf3 e6 8.
Nbd2 Be7 9. Qb3 Qb6 10. Qxb6 axb6 11. h3 Bh5 12. O-O Nd7 13. Rfe1 O-O 14. Ne5
Ndxe5 15. Bxe5 Rfc8 16. Bf4 Bf6 17. g4 Bg6 18. Bxg6 hxg6 19. g5 Be7 20. h4 b5
21. a3 Na5 22. Kg2 Re8 23. Re2 Ra6 24. Bc7 Nc4 25. Nxc4 bxc4 26. Rae1 Bf8 27.
Bf4 f6 28. Kf3 Kf7 29. Kg4 Be7 30. f3 Bd8 31. Bg3 Rc6 32. f4 Bc7 33. Kf3 Bd6
34. Kg4 Rc7 35. Kf3 Rce7 36. Kg4 Bc7 37. Kf3 Ba5 38. Kg4 Bb6 39. Kf3 Kf8 40.
Kg4 Kf7 41. Kf3 Ba5 42. Kg4 Bc7 43. Kf3 e5 44. fxe5 fxe5 45. dxe5 Ke6 46. Kg4
Rf7 47. Re3 Ref8 48. Rd1 Rf5 49. Rde1 Bb6 50. R3e2 Rf3 51. Rg2 R8f5 52. Ree2
Bc5 53. Rh2 Rd3 54. Bf4 d4 55. cxd4 Rxd4 56. Rhf2 Rd3 57. Rf3 Rd1 58. Rd2 Rxf4+
0-1

[Event "Bad Woerishofen op"]
[Site "?"]
[Date "2000.??.??"]
[Round "6"]
[White "Mittelsteiner, Horst"]
[Black "Fleck, Ronald"]
[Result "1/2-1/2"]
[WhiteElo "2022"]
[BlackElo "1733"]
[PlyCount "39"]
[EventDate "2000.??.??"]

1. e4 c6 2. d4 d5 3. exd5 cxd5 4. Bd3 Nf6 5. c3 e6 6. Bf4 Be7 7. Nf3 Bd7 8.
Nbd2 Bc6 9. Ne5 Nbd7 10. Ndf3 Qb6 11. Qe2 O-O 12. O-O a6 13. Bg5 Rae8 14. Rfe1
Bb5 15. Bxb5 Qxb5 16. Qc2 Bd6 17. a4 Qb6 18. Bf4 Qc7 19. Nxd7 Qxd7 20. Bxd6
1/2-1/2